=LDR 00000nam 2200000 4500 =001 INLIS000000000042943 =005 20201203100818 =035 ##$$a 0010-101300000000865 =008 201203################g##########0#ind## =041 ##$$a ind =082 ##$$a 330.07 =100 ##$$a winardi =245 1#$$a Ilmu ekonomi dan aspek-aspek metodologisnya /$c Dr. Winardi, S.E. =260 ##$$a Jakarta :$b Rineka Cipta,$c 1990 =300 ##$$a xiv, 204 hlm. ; $c 21 x 14 cm. =850 ##$$a NBPNMAT =084 ##$$a 330.07 WIN i =650 #4$$a Ilmu Ekonomi =504 ##$$a Bibliografi : hlm.203-204 =990 ##$$a 54.655/Pro-93 =990 ##$$a 54.652 /pro.93